Normal view
MARC view
- Kader, Monjur
Entry Personal Name
001 - CONTROL NUMBER
- control field: 4206
003 - CONTROL NUMBER IDENTIFIER
- control field: OSt
005 - DATE AND TIME OF LATEST TRANSACTION
- control field: 20210923013834.0
008 - FIXED-LENGTH DATA ELEMENTS
- fixed length control field: 210923|| aca||aabn | a|a d
040 ## - CATALOGING SOURCE
- Original cataloging agency: OSt
- Transcribing agency: OSt
100 ## - HEADING--PERSONAL NAME
- Personal name: Kader, Monjur
670 ## - SOURCE DATA FOUND
- Source citation: Work cat.: (OSt): Kader, Monjur, Criminology, c2015
